Composite materials : science and engineering /

Bibliographic Details
Main Author: Chawla, Krishan Kumar, 1942-
Format: Book
Language:English
Published: New York : Springer-Verlag, [1987]
Series:Materials research and engineering (Unnumbered)
Subjects:

MARC

Tag First Indicator Second Indicator Subfields
LEADER 00000cam a2200000 a 4500
001 in00000010690
005 20151007051427.0
008 870815s1987 nyua b 00110 eng
010 |a  87023379  
020 |a 0387964789 
035 |a (OCoLC)16646656 
035 |9 AAA2917AM 
040 |a DLC  |c DLC  |d TXA  |d UtOrBLW 
049 |a TXAM  |c [A11028864] 
050 0 0 |a TA418.9.C6  |b C43 1987 
082 0 |a 620.1/18  |2 19 
100 1 |a Chawla, Krishan Kumar,  |d 1942- 
245 1 0 |a Composite materials :  |b science and engineering /  |c Krishan K. Chawla. 
264 1 |a New York :  |b Springer-Verlag,  |c [1987] 
264 4 |c ©1987 
300 |a xvii, 292 pages :  |b illustrations ;  |c 25 cm. 
336 |a text  |b txt  |2 rdacontent 
337 |a unmediated  |b n  |2 rdamedia 
338 |a volume  |b nc  |2 rdacarrier 
490 1 |a Materials research and engineering 
504 |a Includes bibliographies and indexes. 
650 0 |a Composite materials. 
830 0 |a Materials research and engineering (Unnumbered) 
999 |a MARS 
999 f f |s d284942f-bd75-39f5-84c3-d6614f282a6c  |i dfdd790a-b1e1-3a5f-a29a-d14ce249f29e  |t 0 
952 f f |p ric  |a Texas A&M University  |b Rellis Campus  |c Joint Library Facility  |d Remote Storage  |t 0  |e TA418.9.C6 C43 1987  |h Library of Congress classification  |i unmediated -- volume  |m A14811028864 
998 f f |a TA418.9.C6 C43 1987  |t 0  |l Remote Storage